IFM Opac

Using Information Technology: (Record no. 22209)

MARC details
000 -LEADER
fixed length control field 00347nam a22001337a 4500
020 ## - INTERNATIONAL STANDARD BOOK NUMBER
ISBN 978-0-07-351688-2
082 ## - DEWEY DECIMAL CLASSIFICATION NUMBER
Classification number 004
100 ## - MAIN ENTRY--AUTHOR NAME
Personal name Williams,Brian K.
245 ## - TITLE STATEMENT
Title Using Information Technology:
Sub Title A Practical Introduction to Computer
250 ## - EDITION STATEMENT
Edition statement 11th
260 ## - PUBLICATION, DISTRIBUTION, ETC. (IMPRINT)
Place of publication New York:
Name of publisher McGraw-Hill,
Year of publication 2015
300 ## - PHYSICAL DESCRIPTION
Number of Pages 588p.: ill.; 27cm
942 ## - ADDED ENTRY ELEMENTS (KOHA)
Koha item type Books
Holdings
Withdrawn status Lost status Damaged status Not for loan Collection code Permanent Location Current Location Shelving location Date acquired Source of acquisition Full call number Accession Number Price effective from Koha item type
        Non-fiction IFM Main Campus Library IFM Main Campus Library Work Room processing 01/23/2026 Purchased 004 WIL 0000023527 01/23/2026 Books